000 01113njm a22002777a 4500
005 20100917114025.0
006 a|||||r|||||00| 0
007 sd ammalaaahaa
008 100907t xxu||||| |||| 00| 0 eng d
028 _aPEALP. 2042
_bHis Master's Voice
035 _aGR-03358
100 _aKishore Kumar
_918693
245 _aOm Shanti Om /
_cby Kishore Kumar ; music by Laxmikant Pyarelal ; lyric by Anand Bakhsi
_h[Sound recording]
246 _aॐ शांति ॐ /
260 _aDum Dum, India
_bHis Master's Voice
_c1981
300 _a1 sound disc [Gramophone Recording]
_banalog, 33 1/3rpm ;
_c12 in. (LP)
_fGramaphone Records
500 _aBrief record
500 _aRecord lables : His Master's Voice, Red
505 _aSide-1 (Om Shanti Om) (Kishore Kumar),--Side-2 (Zindagi Ki Na Toote Ladi) (Lata Mangeshka)
600 _2Kishore Kumar
650 _aClassicals Music
_xExcerpts
_zIndia
_918694
700 _a Pyarelal, Laxmikant
_920471
700 _aBakhsi, Anand
_920472
942 _2ddc
_cGR
999 _c46405
_d46405